000 00365cam a2200145ua 4500
003 OSt
008 241224b |||||||| |||| 00| 0 eng d
082 _a621.319
_bPOL/IN
100 _aPolyakov, G .
_91760
245 _aIndustrial Wiring /
260 _aMoscow :
_bProgress Publishers ,
_c1961.
300 _a309 ; .
700 1 _aKovarsky, A .
_91761
942 _cBK
999 _c1954
_d1954